| 000 | 01251cam a2200301 4500 | ||
|---|---|---|---|
| 001 | 1717490 | ||
| 005 | 19800926000000.0 | ||
| 008 | 700619s1970 nyub | b 00| 0 engs | ||
| 010 | _a 72119339 | ||
| 020 | _a0842400036 | ||
| 040 |
_aDLC _cDLC _dDLC |
||
| 050 | 0 | 0 |
_aD849 _b.S7 |
| 082 | 0 | 0 |
_a327.7304 _219 _bSTA |
| 100 | 1 |
_aStanley, Timothy W. _910873 |
|
| 245 | 1 | 0 |
_aDetente diplomacy: United States and European security in the 1970's / _c[by] Timothy W. Stanley [and] Darnell M. Whitt. Foreword by Livingston T. Merchant. Published for the Atlantic Council of the United States. |
| 260 |
_aNew York: _bDunellen Co., _cc.[1970]. |
||
| 300 |
_axiv, 170 p.: _bmap.; _c23 cm. |
||
| 490 | 0 | _aUniversity Press of Cambridge series in the social sciences | |
| 500 | _aDonations. | ||
| 500 | _aDonated By: Alaa Abdel Ghaney. | ||
| 504 | _aIncludes bibliographical references. | ||
| 650 | 0 |
_aWorld politics _y1965-1975. _910874 |
|
| 651 | 0 |
_aEurope _xDefenses. _910875 |
|
| 700 | 1 |
_aWhitt, Darnell M., _d1937- _ejoint author. _910876 |
|
| 710 | 2 |
_aAtlantic Council of the United States. _910877 |
|
| 942 |
_2ddc _cBB |
||
| 999 |
_c13257 _d13257 |
||